000 01460nam a2200385 a 4500
001 ebr10233788
003 CaPaEBR
006 m u
007 cr cn|||||||||
008 080610s2007 sz a sb 000 0 eng d
010 _z 2008395835
020 _z9789241563512
020 _z9241563516
040 _aCaPaEBR
_cCaPaEBR
035 _a(OCoLC)247051909
050 1 4 _aRA393
_b.S33 2007eb
082 0 4 _a362.1068
_222
245 0 0 _aScaling up health service delivery
_h[electronic resource] :
_bfrom pilot innovations to policies and programmes /
_cedited by Ruth Simmons, Peter Fajans, and Laura Ghiron.
260 _aGeneva :
_bWorld Health Organization,
_cc2007.
300 _axviii, 183 p. :
_bill.
504 _aIncludes bibliographical references.
533 _aElectronic reproduction.
_bPalo Alto, Calif. :
_cebrary,
_d2013.
_nAvailable via World Wide Web.
_nAccess may be limited to ebrary affiliated libraries.
650 0 _aMedical care.
650 0 _aHealth services administration.
650 0 _aHealth planning.
650 0 _aHealth care reform.
650 0 _aOrganizational change.
655 7 _aElectronic books.
_2local
700 1 _aSimmons, Ruth.
700 1 _aFajans, Peter.
700 1 _aGhiron, Laura.
710 2 _aWorld Health Organization.
710 2 _aebrary, Inc.
856 4 0 _uhttp://site.ebrary.com/lib/rucke/Doc?id=10233788
_zAn electronic book accessible through the World Wide Web; click to view
999 _c152401
_d152401